|
|
|
|
| LEADER |
00000nab a2200000 ar4500 |
| 001 |
vtls010080780 |
| 003 |
SK-MaSNL |
| 005 |
20260303200323.0 |
| 008 |
100329c20100319xo |||||||||||000 b|slo |
| 015 |
|
|
|a SNBRB2010/03
|2 snkbucl
|
| 038 |
|
|
|a SNKBUCL
|
| 040 |
|
|
|a SNKBUCL
|b slo
|c SNKBUCL
|e AACR2
|
| 041 |
0 |
|
|a slo
|
| 044 |
|
|
|a xo
|c SK
|
| 080 |
|
|
|a 636.32/.38
|2 1997
|
| 100 |
1 |
|
|a Špánik, Jaroslav
|4 aut
|9 13027
|
| 245 |
1 |
0 |
|a Správny odchov jahniat
|c Jaroslav Špánik
|
| 650 |
0 |
7 |
|a jahňatá
|2 SNKPH
|9 18591
|
| 650 |
0 |
7 |
|a bahnice
|2 SNKPH
|9 1003620
|
| 650 |
0 |
7 |
|a vemená
|2 SNKPH
|9 499075
|
| 650 |
0 |
7 |
|a mastitída (veterinárna medicína)
|2 SNKPH
|9 224559
|
| 773 |
0 |
|
|t Sme. Roľnícke noviny
|g Č. 65 (19.3.2010)
|x 1335-440X
|
| 773 |
0 |
8 |
|i Príl.:
|t Roľnícke noviny
|g Č. 12 (17.3.2010), s. 18
|
| 852 |
|
|
|a SNK
|b KIS3GCP
|
| 999 |
|
|
|c 2167624
|d 2169554
|